Guess the language Quiz Stats

Quiz not verified by Sporcle

Score 0/11 Timer 05:00
0 Plays Today
% Correct
French
98.2%
English
89.9%
Italian
88.5%
Korean
85.3%
Swedish
81.7%
German
79.4%
Kurdish
56.9%
Burmese
51.4%
Uzbek
45.4%
Wu
31.7%
Pashto
30.3%

You're not logged in!

Compare scores with friends on all Sporcle quizzes.
Sign Up with Email
OR
Log In

You Might Also Like...

Show Comments

Extras

Top Quizzes Today


Score Distribution

Your Account Isn't Verified!

In order to create a playlist on Sporcle, you need to verify the email address you used during registration. Go to your Sporcle Settings to finish the process.